书目信息 |
| 题名: |
持枪的盲人
|
|
| 作者: | 海姆斯 , 切斯特·海姆斯 著 ;邓文娟 , 杨成 译 | |
| 分册: | ||
| 出版信息: | 北京 新星出版社 2010.09 |
|
| 页数: | 237页 | |
| 开本: | 22cm | |
| 丛书名: | 午夜文库 | |
| 单 册: | ||
| 中图分类: | I712.45 | |
| 科图分类: | ||
| 主题词: | 侦探小说--美国--现代 , 长篇小说 , 长篇小说--美国--现代 , 侦探小说 | |
| 电子资源: | ||
| ISBN: | 978-7-80225-993-5 | |
| 000 | 01159oam2 2200349 450 | |
| 001 | 1137090863 | |
| 005 | 20111221101857.03 | |
| 010 | @a978-7-80225-993-5@dCNY25.00 | |
| 090 | @aI712.45@bhms | |
| 096 | @aI712.45@bhms | |
| 100 | @a20101028d2010 em y0chiy50 ea | |
| 101 | 1 | @achi@ceng |
| 102 | @aCN@b110000 | |
| 105 | @ay z 000ay | |
| 200 | 1 | @a持枪的盲人@9chi qiang de mang ren@b专著@dBlind man with a pistol@f(美)切斯特·海姆斯(Chester Himes)著@F(mei)qie si te·hai mu si(Chester Himes)zhu@g杨成,邓文娟译@zeng |
| 210 | @a北京@c新星出版社@d2010.09 | |
| 215 | @a237页@d22cm | |
| 225 | 2 | @a午夜文库@i经典系列 |
| 308 | @a文库170 | |
| 462 | 0 | @1001003890119 |
| 510 | 1 | @aBlind man with a pistol@zeng |
| 606 | 0 | @a侦探小说@y美国@z现代 |
| 606 | 0 | @a长篇小说 |
| 606 | 0 | @a长篇小说@y美国@z现代 |
| 606 | 0 | @a侦探小说 |
| 690 | @aI712.45@v4 | |
| 701 | 0 | @c(美)@a海姆斯@9hai mu si@c(Himes, Chester@f1909~1989)@4著 |
| 701 | 0 | @a切斯特·海姆斯@Aqie si te·hai mu si@bChesterHimes@4著 |
| 702 | 0 | @a邓文娟@9deng wen juan@4译 |
| 702 | 0 | @a杨成@c(英语)@9yang cheng@4译 |
| 801 | 0 | @aCN@b110019@c20101011 |
| 905 | @aZUCC@dI712.45@eH0301 | |
| 持枪的盲人=Blind man with a pistol/(美)切斯特·海姆斯(Chester Himes)著/杨成,邓文娟译.-北京:新星出版社,2010.09 |
| 237页;22cm.-(午夜文库.经典系列) |
| ISBN 978-7-80225-993-5:CNY25.00 |
| ● |
| 相关链接 |
|
|
|
正题名:持枪的盲人
索取号:I712.45/H0301
 
预约/预借
| 序号 | 登录号 | 条形码 | 馆藏地/架位号 | 状态 | 备注 |
| 1 | 843768 | 208437681 | 文学库116/116文学库 27排1列4层/ [索取号:I712.45/H0301] | 在馆 | |
| 2 | 843769 | 208437690 | 社科二线400B/400B社科库 6排2列3层/ [索取号:I712.45/H0301] | 在馆 | |
| 3 | 843770 | 208437707 | 文学库116/116文学库 27排1列4层/ [索取号:I712.45/H0301] | 在馆 |